000 00313nam a22001337a 4500
008 171002b xxu||||| |||| 00| 0 eng d
020 _a9781563671074
041 _aeng
080 _a159.9
100 _a48
101 _aPSI
245 _aTHE SOCIAL PSYCHOLOGY OF CLOTHING
_cKAISER.S.B
942 _2udc
_cBK
999 _c31174
_d31174